000 00659nam a2200241Ia 4500
003 OSt
005 20221007065653.0
006 a|||||r|||| 00| 0
007 ta
008 221006b |||||||| |||| 00| 0 eng d
024 _a8,910
037 _cReference Collections
040 _aFLL
_cFLL
_beng
041 _2eng
_aeng
082 _aV2:91:9Z, P1
100 _aTewari O.P. Au.
_9683064
245 0 _aLaw of elections in India
250 _a1st
260 _aFaridabad
_bAllahabad law agency India
_c2001
300 _axii,132p
_ccm.
942 _hV2:91:9Z, P1
_cREF
_2CC
999 _c1137976
_d1137976